[Event "FIDE WCCC U12 2018"]
[Site "Santiago de Compostela"]
[Date "2018.11.15"]
[Round "11"]
[White "Xu, Arthur"]
[Black "Milikow, Elie"]
[Result "0-1"]
[WhiteElo "2034"]
[BlackElo "2173"]
[Annotator "NA"]
[PlyCount "106"]
[EventDate "2018.11.04"]
[EventType "swiss"]
[EventCountry "ESP"]
[SourceTitle "playchess.com"]
[Source "ChessBase"]
[SourceQuality "1"]
[TimeControl "40/5400+30:1800+30"]

{[%evp 8,103,20,18,33,17,32767,32767,33,23,32767,32767,47,32767,32767,32767,30,30,32767,33,40,32767,46,33,21,16,27,6,39,-1,32767,32767,32767,32767,32767,-318,32767,32767,32767,32767,32767,32767,-454,32767,-266,-265,-202,32767,-208,32767,32767,-265,-268,-253,-239,-277,-260,-331,32767,-283,32767,-323,-81,-340,-376,-372,-377,32767,-447,-510,-593,-550,-837,-493,32767,32767,-1188,-740,32767,32767,-5815,-12844,-29974,32767,32767,32767,32767,32767,32767,32767,32767,32767,32767,32767,32767,32767,32767,-29993]} 1. e4 {[%emt 0:00:00]} c5 {[%emt 0:00:00]} 2. Nf3 {[%emt 0:00:00]} Nc6 {[%emt 0:00:00]} 3. d4 {[%emt 0:00:00]} cxd4 {[%emt 0:00:00]} 4. Nxd4 {[%emt 0:00:00]} Nf6 {[%emt 0:00:00]} 5. Nc3 {[%emt 0:00:00]} e5 {[%emt 0:00:05]} 6. Ndb5 {[%emt 0:00:04]} d6 {[%emt 0:00:10]} 7. Bg5 {[%emt 0:00:08]} a6 {[%emt 0:00:10]} 8. Na3 {[%emt 0:00:06]} b5 {[%emt 0:00:08]} 9. Bxf6 {[%emt 0:00:08]} gxf6 {[%emt 0:00:12]} 10. Nd5 {[%emt 0:00:07]} f5 {[%emt 0:00:21]} 11. c3 {[%emt 0:00:16]} Bg7 $1 {[%emt 0:01:33]} 12. exf5 {[%emt 0:00:10]} Bxf5 {[%emt 0:00:48]} 13. Nc2 {[%emt 0:00:16]} O-O {[%emt 0:01:06]} 14. Nce3 {[%emt 0:00:12]} Be6 {[%emt 0:00:51]} 15. g3 {[%emt 0:00:05]} f5 {[%emt 0:02:07]} 16. Bg2 {[%emt 0:00:36]} Rc8 {[%emt 0:03:47]} 17. Qh5 {[%emt 0:11:58] B33: Sicilian: Pelikan and Sveshnikov Variations} Ne7 {[%emt 0:14:48] LiveBook: 6 Games} (17... b4 18. O-O bxc3 19. bxc3 Ne7 20. Rad1 e4 21. c4 Nxd5 22. cxd5 Bd7 23. Rc1 Bc3 24. Rc2 Qf6 {1-0 (36) Kulkarni,C (2336)-Mozharov,M (2542) Pardubice 2018}) 18. Rd1 {[%emt 0:02:17]} e4 {[%emt 0:06:44]} 19. g4 $146 {[%emt 0:07:54]} ({Predecessor:} 19. Rd2 Nxd5 20. Nxd5 Qe8 {0-1 (20) Schauer,J (2242)-Lyukmanov,V (2380) ICCF email 2002}) 19... Nxd5 {[%emt 0:06:38]} 20. Nxd5 {[%emt 0:00:24]} Rc5 {[%emt 0:02:55]} 21. Nf4 {[%emt 0:02:27]} Bf7 {[%emt 0:06:10]} 22. Qh3 {[%emt 0:01:43]} fxg4 {[%emt 0:05:51]} 23. Qxg4 {[%emt 0:07:05]} Rg5 {[%emt 0:03:09]} 24. Qh4 {[%emt 0:02:19]} Bxa2 {[%emt 0:14:54]} 25. Bf1 {[%emt 0:16:19]} Qf6 {[%emt 0:00:43]} (25... Bb3 $142 26. Rc1 h6) 26. Nh3 {[%emt 0:04:19]} Rd5 {[%emt 0:01:32]} 27. Qxf6 {[%emt 0:04:48]} Rxd1+ {[%emt 0:00:08]} ({Resist} 27... Rxf6 28. Ra1 $17) 28. Kxd1 {[%emt 0:00:10]} Rxf6 {[%emt 0:00:33]} 29. Bg2 {[%emt 0:08:43]} (29. Rg1 $142) 29... Bb3+ {[%emt 0:01:18]} 30. Ke2 {[%emt 0:01:04]} Bc4+ {[%emt 0:00:13]} 31. Ke3 {[%emt 0:01:29]} d5 {[%emt 0:01:32]} 32. f4 {[%emt 0:08:05]} Bf8 {[%emt 0:02:23]} 33. Kd4 {[%emt 0:01:52]} Rc6 {[%emt 0:02:21]} 34. Bf1 {[%emt 0:01:36]} Bg7+ {[%emt 0:00:05]} 35. Ke3 {[%emt 0:00:05]} Bxf1 {[%emt 0:01:28]} 36. Rxf1 {[%emt 0:00:13] [#]} Bxc3 $1 {[%emt 0:00:52]} 37. Rg1+ {[%emt 0:01:53]} Kf8 {[%emt 0:00:30]} 38. bxc3 {[%emt 0:00:48]} Rxc3+ {[%emt 0:00:05]} 39. Kd4 {[%emt 0:00:12]} Rxh3 {[%emt 0:00:08]} 40. Kxd5 {[%emt 0:00:00]} e3 {[%emt 0:00:00]} 41. Re1 {[%emt 0:00:39]} Kf7 {[%emt 0:02:46]} 42. Kc5 {[%emt 0:01:31]} Kf6 {[%emt 0:00:58]} 43. Kb6 {[%emt 0:00:06]} Kf5 {[%emt 0:01:28]} 44. Kxa6 {[%emt 0:00:15]} Kxf4 {[%emt 0:00:06]} 45. Kxb5 {[%emt 0:00:08]} Kf3 {[%emt 0:00:10]} 46. Kc4 {[%emt 0:00:08]} e2 {[%emt 0:00:09]} 47. Kd3 {[%emt 0:00:13]} Kf2+ {[%emt 0:00:04]} 48. Kd2 {[%emt 0:00:06]} Rd3+ {[%emt 0:00:03]} 49. Kxd3 {[%emt 0:00:06]} Kxe1 {[%emt 0:00:04]} 50. h4 {[%emt 0:00:06]} Kf2 {[%emt 0:00:06]} 51. h5 {[%emt 0:00:04]} e1=Q {[%emt 0:00:06]} 52. Kc4 {[%emt 0:00:05]} Qd2 {[%emt 0:00:08]} 53. h6 {[%emt 0:00:04]} Ke3 {[%emt 0:00:04] Kd4+} 0-1

[Event "FIDE WCCC U12 2018"]
[Site "Santiago de Compostela"]
[Date "2018.11.15"]
[Round "11"]
[White "Stalmach, Richard"]
[Black "Wang, Jason"]
[Result "0-1"]
[WhiteElo "2028"]
[BlackElo "2229"]
[Annotator "NA"]
[PlyCount "46"]
[EventDate "2018.11.04"]
[EventType "swiss"]
[EventCountry "ESP"]
[SourceTitle "playchess.com"]
[Source "ChessBase"]
[SourceQuality "1"]
[TimeControl "40/5400+30:1800+30"]

{[%evp 8,37,58,66,32767,32767,32767,32767,48,32767,32767,32767,32767,32767,56,40,59,44,49,32767,61,28,36,23,44,-243,-248,32767,-239,-232,-237,-261]} 1. d4 {[%emt 0:00:00]} d5 {[%emt 0:00:00]} 2. c4 {[%emt 0:00:00]} dxc4 {[%emt 0:00:00]} 3. e4 {[%emt 0:00:00]} Nf6 {[%emt 0:00:00]} 4. e5 {[%emt 0:00:00]} Nd5 {[%emt 0:00:00]} 5. Bxc4 {[%emt 0:00:00]} Nb6 {[%emt 0:00:00]} 6. Bd3 {[%emt 0:00:02]} Nc6 {[%emt 0:00:00]} 7. Ne2 {[%emt 0:00:03]} Bg4 {[%emt 0:00:08]} 8. f3 {[%emt 0:00:03]} Be6 {[%emt 0:00:06]} 9. Nbc3 {[%emt 0:00:06]} Qd7 {[%emt 0:01:09]} 10. Ne4 {[%emt 0:00:04]} Bd5 {[%emt 0:00:05]} 11. Nc5 {[%emt 0:00:03]} Qc8 $1 {[%emt 0:00:02]} 12. a3 {[%emt 0:00:21]} e6 {[%emt 0:00:34]} 13. Qc2 {[%emt 0:00:03]} Bxc5 {[%emt 0:02:15]} 14. Qxc5 {[%emt 0:00:12] LiveBook: 31 Games} Qd7 {[%emt 0:00:19]} 15. O-O {[%emt 0:03:31]} a6 {[%emt 0:00:18]} 16. Be3 $2 {[%emt 0:08:56] [#]} (16. Qc3 $14 {behält die Oberhand.}) 16... Nc4 $1 {[%emt 0:02:16]} 17. Bxc4 {[%emt 0:11:05]} b6 {[%emt 0:00:07]} 18. Bxd5 {[%emt 0:00:36]} bxc5 {[%emt 0:00:06]} 19. Be4 $19 {[%emt 0:04:31]} Rb8 {[%emt 0:09:09]} 20. Rac1 {[%emt 0:00:43]} Rxb2 {[%emt 0:02:41]} 21. Rxc5 {[%emt 0:00:38]} Ne7 {[%emt 0:00:44]} 22. Rfc1 {[%emt 0:00:48]} Rxe2 {[%emt 0:00:24]} 23. Rxc7 {[%emt 0:00:11]} Rxe3 {[%emt 0:00:14]} 0-1

[Event "FIDE WCCC U12 2018"]
[Site "Santiago de Compostela"]
[Date "2018.11.15"]
[Round "11"]
[White "Laux, Dominik"]
[Black "Grebnev, Aleksey"]
[Result "1-0"]
[WhiteElo "1973"]
[BlackElo "2151"]
[Annotator "NA"]
[PlyCount "79"]
[EventDate "2018.11.04"]
[EventType "swiss"]
[EventCountry "ESP"]
[SourceTitle "playchess.com"]
[Source "ChessBase"]
[SourceQuality "1"]
[TimeControl "40/5400+30:1800+30"]

{[%evp 20,79,26,18,10,3,33,10,3,28,28,27,28,32767,32767,32767,32767,138,32767,32767,191,32767,32767,216,32767,32767,239,32767,254,32767,32767,400,439,32767,460,483,32767,32767,32767,715,673,768,612,824,793,833,767,554,493,562,1018,32767,32767,871,879,32767,32767,2638,32767,32767,32767,29990]} 1. d4 {[%emt 0:00:00]} Nf6 {[%emt 0:00:00]} 2. Bg5 {[%emt 0:00:04]} g6 {[%emt 0:00:00]} 3. Bxf6 {[%emt 0:00:33]} exf6 {[%emt 0:00:03]} 4. g3 {[%emt 0:00:29]} Bg7 {[%emt 0:00:08]} 5. Bg2 {[%emt 0:00:05]} O-O {[%emt 0:00:10]} 6. e3 {[%emt 0:00:21]} f5 {[%emt 0:00:31]} 7. Ne2 {[%emt 0:00:38]} d6 {[%emt 0:00:26]} 8. O-O {[%emt 0:01:05]} Nd7 {[%emt 0:00:25]} 9. c4 {[%emt 0:01:06]} Nf6 {[%emt 0:01:09]} 10. Nbc3 {[%emt 0:00:51]} Rb8 {[%emt 0:01:17] A45: Trompowsky Attack} (10... Qe7 11. Nd5 Qd8 12. Nxf6+ Bxf6 13. Qd2 c6 14. b4 Bd7 15. Rab1 Rb8 16. a4 Re8 17. Rfd1 b6 18. b5 {½-½ (38) Vitiugov,N (2691)-Svidler,P (2747) St Petersburg 2012}) 11. Qa4 $146 {[%emt 0:08:14]} ({Predecessor:} 11. b4 h5 12. Qa4 a6 13. b5 Bd7 14. Qb4 axb5 15. cxb5 h4 16. Rac1 hxg3 17. hxg3 Re8 18. a4 {1-0 (34) Tu,H (2499)-Alzate,D (2427) Mallorca 2004}) 11... a6 {[%emt 0:02:34]} 12. b4 {[%emt 0:02:57]} Be6 {[%emt 0:03:30]} 13. b5 {[%emt 0:03:36]} axb5 {[%emt 0:01:15]} 14. cxb5 {[%emt 0:01:06]} Re8 {[%emt 0:00:43]} 15. Rfc1 {[%emt 0:05:45]} g5 {[%emt 0:06:21]} 16. Qc2 {[%emt 0:07:04]} Qe7 {[%emt 0:02:49]} 17. a4 {[%emt 0:06:58]} Bd7 {[%emt 0:02:30] [#]} 18. a5 $1 {[%emt 0:05:48]} c6 {[%emt 0:02:25]} 19. a6 {[%emt 0:03:27]} d5 {[%emt 0:02:06]} 20. bxc6 {[%emt 0:02:36]} bxc6 {[%emt 0:01:23] [#]} 21. Na4 $1 {[%emt 0:03:11]} Ra8 {[%emt 0:31:19]} 22. Nb6 {[%emt 0:03:21]} Ra7 {[%emt 0:05:00]} 23. Nxd7 {[%emt 0:01:03]} Qxd7 {[%emt 0:02:22]} 24. Qxc6 {[%emt 0:01:19]} Rea8 {[%emt 0:00:56]} 25. Qxd7 {[%emt 0:03:08]} Rxd7 {[%emt 0:01:42]} 26. Rc6 {[%emt 0:01:30]} Ne4 {[%emt 0:02:23]} 27. Bxe4 {[%emt 0:01:13]} dxe4 {[%emt 0:02:37]} 28. Nc3 {[%emt 0:01:57]} f4 {[%emt 0:01:23]} 29. Nb5 {[%emt 0:01:32]} fxe3 {[%emt 0:03:50]} 30. fxe3 {[%emt 0:00:01]} f5 {[%emt 0:00:13]} 31. Rb6 {[%emt 0:01:54]} f4 {[%emt 0:00:30]} 32. gxf4 {[%emt 0:00:33]} gxf4 {[%emt 0:00:01]} 33. Kf2 {[%emt 0:01:09]} fxe3+ {[%emt 0:00:07]} 34. Kxe3 {[%emt 0:00:04]} Raa7 {[%emt 0:00:20]} 35. Ra4 {[%emt 0:00:36]} Ra8 {[%emt 0:00:09]} 36. a7 {[%emt 0:00:16]} Rdd8 {[%emt 0:00:05]} 37. d5 {[%emt 0:01:45]} Rxd5 {[%emt 0:00:27]} 38. Rb8+ {[%emt 0:00:11]} Kf7 {[%emt 0:00:16]} 39. Rxa8 {[%emt 0:00:15]} Rxb5 {[%emt 0:00:05]} 40. Rd8 {[%emt 0:00:00]} 1-0

[Event "FIDE WCCC U12 2018"]
[Site "Santiago de Compostela"]
[Date "2018.11.15"]
[Round "11"]
[White "Sahakyan, Aleks"]
[Black "Flores Quillas, Diego Saul Rodri"]
[Result "0-1"]
[WhiteElo "1951"]
[BlackElo "2205"]
[Annotator "ChessBase"]
[PlyCount "93"]
[EventDate "2018.11.04"]
[EventType "swiss"]
[EventCountry "ESP"]
[SourceTitle "playchess.com"]
[Source "ChessBase"]
[SourceQuality "1"]
[TimeControl "40/5400+30:1800+30"]

1. d4 {[%emt 0:00:00]} d5 {[%emt 0:00:00]} 2. c4 {[%emt 0:00:00]} c6 {[%emt 0:00:00]} 3. Nc3 {[%emt 0:00:00]} Nf6 {[%emt 0:00:03]} 4. e3 {[%emt 0:00:00]} e6 {[%emt 0:00:12]} 5. Nf3 {[%emt 0:00:03]} Nbd7 {[%emt 0:00:03]} 6. Qc2 {[%emt 0:00:06]} Bd6 {[%emt 0:00:24]} 7. g4 {[%emt 0:00:30]} h6 {[%emt 0:00:55]} 8. Rg1 {[%emt 0:00:26]} e5 {[%emt 0:12:33]} 9. h4 {[%emt 0:04:42]} exd4 {[%emt 0:18:40]} 10. Nxd4 {[%emt 0:00:20]} Ne5 {[%emt 0:00:05]} 11. g5 {[%emt 0:02:05]} hxg5 {[%emt 0:01:09]} 12. hxg5 {[%emt 0:00:11]} Nfg4 {[%emt 0:00:02]} 13. f4 {[%emt 0:08:33]} Nxc4 {[%emt 0:03:20]} 14. Bxc4 {[%emt 0:03:09]} dxc4 {[%emt 0:00:06]} 15. Qe2 {[%emt 0:10:31]} Rh2 {[%emt 0:11:21]} 16. Qxc4 {[%emt 0:06:28]} Qe7 {[%emt 0:00:24]} 17. e4 {[%emt 0:10:09]} Bd7 {[%emt 0:01:34]} 18. Bd2 {[%emt 0:02:52]} Rxd2 {[%emt 0:00:25]} 19. Kxd2 {[%emt 0:00:49]} Bxf4+ {[%emt 0:00:06]} 20. Ke2 {[%emt 0:00:36]} Ne5 {[%emt 0:00:48]} 21. Qa4 {[%emt 0:02:23]} b5 {[%emt 0:07:00]} 22. Qc2 {[%emt 0:06:13]} Qc5 {[%emt 0:01:34]} 23. Rad1 {[%emt 0:09:06]} O-O-O {[%emt 0:01:30]} 24. Nb1 {[%emt 0:01:29]} Qxc2+ {[%emt 0:03:45]} 25. Nxc2 {[%emt 0:00:02]} Bg4+ {[%emt 0:00:01]} 26. Rxg4 {[%emt 0:00:03]} Rxd1 {[%emt 0:00:01]} 27. Kxd1 {[%emt 0:01:12]} Nxg4 {[%emt 0:00:03]} 28. Nd4 {[%emt 0:00:02]} Kd7 {[%emt 0:00:27]} 29. Nf3 {[%emt 0:00:35]} Ne5 {[%emt 0:00:20]} 30. Nxe5+ {[%emt 0:00:48]} Bxe5 {[%emt 0:00:02]} 31. b3 {[%emt 0:00:00]} Bf4 {[%emt 0:00:12]} 32. g6 {[%emt 0:00:01]} fxg6 {[%emt 0:00:02]} 33. Nc3 {[%emt 0:00:01]} g5 34. Ke2 g4 {[%emt 0:00:29]} 35. Nd1 {[%emt 0:00:07]} Ke6 {[%emt 0:02:24]} 36. Nf2 {[%emt 0:00:01]} Ke5 {[%emt 0:00:22]} 37. Nxg4+ {[%emt 0:00:06]} Kxe4 {[%emt 0:00:05]} 38. Nf2+ {[%emt 0:00:01]} Kd4 {[%emt 0:00:21]} 39. Nd3 {[%emt 0:00:09]} g5 {[%emt 0:00:13]} 40. Nb4 {[%emt 0:00:00]} Kc5 {[%emt 0:00:00]} 41. Nd3+ {[%emt 0:00:27]} Kd5 {[%emt 0:03:06]} 42. Nb4+ {[%emt 0:00:05]} Kd6 {[%emt 0:00:03]} 43. Kf3 {[%emt 0:00:10]} c5 {[%emt 0:00:09]} 44. Nd3 {[%emt 0:00:28]} Kd5 {[%emt 0:00:05]} 45. Nxf4+ {[%emt 0:00:06]} gxf4 {[%emt 0:00:05]} 46. Kxf4 {[%emt 0:00:03]} Kd4 {[%emt 0:00:06]} 47. Kf3 {[%emt 0:00:07]} 0-1

[Event "FIDE WCCC U12 2018"]
[Site "Santiago de Compostela"]
[Date "2018.11.15"]
[Round "11"]
[White "Haack, Kevin"]
[Black "Vergara Anton, Diego"]
[Result "0-1"]
[WhiteElo "1911"]
[BlackElo "2132"]
[Annotator "TA"]
[PlyCount "146"]
[EventDate "2018.11.04"]
[EventType "swiss"]
[EventCountry "ESP"]
[SourceTitle "playchess.com"]
[Source "ChessBase"]
[SourceQuality "1"]

{[%evp 15,146,27,14,0,8,11,0,-42,-36,-69,-60,-135,-130,-134,-119,-121,-109,-156,-78,-78,-85,-89,-91,-241,-122,-122,-128,-122,-117,-128,-112,-121,-111,-124,-118,-125,-34,-35,-23,-22,-5,-3,-3,-70,-71,-108,-95,-69,-73,-90,0,-44,-41,-178,-185,-177,-173,-169,-162,-208,-199,-257,-230,-301,-231,-303,-300,-327,-312,-524,-531,-514,-432,-821,-1524,-2851,-2591,-5127,-2595,-12714,-9448,-29936,-12841,-12395,-821,-1168,-676,-10294,-6954,-2808,-1311,-1144,-1213,-755,-592,-29960,-29962,-29962,-29964,-29967,-29968,-29969,-29967,-29966,-29967,-29967,-29969,-29976,-29977,-29978,-29979,-29977,-29980,-29980,-29981,-29983,-29984,-29985,-29986,-29986,-29987,-29988,-29989,-29989,-29990,-29990,-29991,-29991,-29992,-29995,-29996,-29998,-29999]} 1. c4 e6 2. g3 d5 3. d4 Nf6 4. Nf3 Be7 5. Bg2 O-O 6. O-O dxc4 7. Ne5 Qd6 8. Nxc4 {E05: Open Catalan: 5 Nf3 Be7} (8. Na3 Rd8 9. Naxc4 Qa6 10. Qc2 Rxd4 11. Bg5 Nbd7 12. Rfd1 Rxd1+ 13. Rxd1 Nxe5 14. Nxe5 Qa5 15. Bf4 Nd5 {½-½ (54) Kramnik,V (2800)-Mamedyarov,S (2809) Berlin 2018}) 8... Qa6 {LiveBook: 20 Games} 9. b3 Rd8 10. Bb2 {The position is equal.} c5 11. Qc2 $146 ({Predecessor:} 11. Nbd2 cxd4 12. Nf3 Nc6 13. Nxd4 Bd7 14. Nf3 Nb4 15. a3 Nbd5 {1-0 (64) Andersson,R (2096)-Knutsson,H (1959) Tylosand 2016}) 11... cxd4 12. Rd1 Nc6 13. Bxc6 (13. Nbd2 $15) 13... Qxc6 $17 14. Rxd4 Rxd4 15. Bxd4 {[#]} e5 $1 {[%mdl 512]} 16. Bxe5 (16. Nxe5 Qxc2) 16... Bh3 ({Better is} 16... Bc5 $1 17. b4 Bxb4) 17. Ne3 Qe6 $1 {[%cal Re6e5]} 18. Bb2 Nd5 $1 {[%cal Rd5e3]} 19. Qc4 (19. Nxd5 $17 {was the only defense.} Qxd5 20. e4) 19... Nxe3 (19... Bf6 $1 $19 {[%cal Rf6b2]} 20. Bxf6 Qxf6 21. Nxd5 Qxa1) 20. Qxe6 fxe6 ({Resist} 20... Bxe6 21. fxe3 Rd8 22. Kf2) 21. fxe3 Rd8 {( -> ...Rd1+)} 22. Na3 Rd2 23. Nc4 Rxe2 24. Bd4 a6 25. a4 Bg2 (25... Rg2+ $1 $17 26. Kh1 Rc2) 26. Rc1 $1 $15 Bd5 {aiming for ...Rg2+.} 27. Ne5 {Hoping for Rc8+.} h6 ({But not} 27... Bxb3 $2 28. Rc8+ Bf8 29. Bc5 $18) 28. Rc8+ Kh7 29. Rc7 (29. Nd3 $11) 29... Bf6 30. Nd7 Bxd4 31. exd4 $17 {[%mdl 4096] Endgame KRB-KRN} Kg6 32. Ne5+ Kh7 33. Nd7 {With the idea Nf6+.} Bxb3 34. Nc5 (34. Nf6+ $15 Kg6 35. Ne8) 34... Bd5 $19 35. Nxb7 {[#]} Rg2+ $1 36. Kf1 Rxh2 37. Nc5 {[#]} Ra2 $1 38. Re7 (38. Ke1 $142) 38... Kg6 39. Ra7 Kf6 40. Nd7+ Kf5 41. Nb6 g5 42. Nxd5 $2 (42. Rh7) 42... exd5 43. Rxa6 {KR-KR} Kg4 44. Rxh6 (44. Rd6 $142 Kxg3 45. Rxd5) 44... Rxa4 45. Re6 Rxd4 46. Re3 Kf5 47. Ra3 Re4 48. Rd3 Ke5 (48... d4 $142 49. Rd2 g4 50. Kf2 Ke5 51. Ra2 d3 52. Ra5+ Kd6 53. Kf1 Re5 54. Ra3 Re3 55. Ra2 Ke5 56. Rb2 Rxg3 57. Rb7 Ke4 58. Kf2 Rf3+ 59. Ke1 Re3+ 60. Kd2 Re2+ 61. Kc3 Rc2+ 62. Kb3 g3 63. Re7+ Kf3 64. Rf7+ Ke3 65. Re7+ Kd2 66. Rg7 Kc1 67. Rxg3 d2 68. Rg1+ d1=Q 69. Rxd1+ Kxd1 70. Kb4 Kd2 71. Kb5 Kd3 72. Kb4 Rc4+ 73. Ka5 Rc5+ 74. Ka6 Kc4 75. Kb6 Kb4 76. Ka6 Rb5 77. Ka7 Ka5 78. Ka8 Kb6 79. Kb8 Rc5 80. Ka8 Rc8#) 49. Kf2 Rc4 (49... d4 $142 50. Rb3 g4) 50. Ra3 Kd4 51. Ke2 Rc2+ 52. Kd1 Rc3 (52... Rg2 $142 53. Ke1 Ke4) 53. Ra4+ Rc4 54. Ra3 Ke4 55. Ke2 Rc2+ {Black mates.} 56. Kd1 Rg2 57. Ke1 d4 {[%cal Bd5d4,Bd4d3,Bd3d2][%mdl 32]} 58. Kf1 Rc2 59. Ke1 d3 60. Ra8 Rh2 61. Re8+ Kf3 62. Rg8 g4 63. Rd8 {[#]} d2+ $1 {[%mdl 512]} 64. Kd1 (64. Rxd2 Rh1#) 64... Kxg3 65. Rf8 Rf2 66. Rh8 Kg2 67. Rh7 g3 68. Rh8 Kg1 69. Rh3 g2 70. Rh8 Kf1 71. Rg8 g1=Q 72. Rg6 Qh1 73. Rc6 Qf3+ {Precision: White = 26%, Black = 63%.} 0-1

[Event "FIDE WCCC U12 2018"]
[Site "Santiago de Compostela"]
[Date "2018.11.15"]
[Round "11"]
[White "Chen, Max"]
[Black "Tian, Eddy"]
[Result "0-1"]
[WhiteElo "1910"]
[BlackElo "2151"]
[Annotator "NA"]
[PlyCount "120"]
[EventDate "2018.11.04"]
[EventType "swiss"]
[EventCountry "ESP"]
[SourceTitle "playchess.com"]
[Source "ChessBase"]
[SourceQuality "1"]
[TimeControl "40/5400+30:1800+30"]

1. e4 {[%emt 0:00:00]} g6 {[%emt 0:00:00]} 2. d4 {[%emt 0:00:18]} Bg7 {[%emt 0:00:00]} 3. Nc3 {[%emt 0:00:11]} d6 {[%emt 0:00:00]} 4. f4 {[%emt 0:02:15]} a6 {[%emt 0:00:01]} 5. Nf3 {[%emt 0:01:43]} b5 {[%emt 0:00:05]} 6. a3 {[%emt 0:01:53] B06: Modern Defence} (6. Bd3 Nd7 7. a4 b4 8. Ne2 c5 9. c3 Bb7 10. O-O Ngf6 11. e5 Nd5 12. Bd2 bxc3 13. bxc3 cxd4 14. cxd4 O-O {0-1 (49) Anand,V (2759)-Nakamura,H (2769) Leuven 2018}) 6... Nd7 {[%emt 0:00:16]} 7. Be2 {[%emt 0:01:54]} Bb7 {[%emt 0:00:29]} 8. O-O {[%emt 0:01:24]} c5 {[%emt 0:01:42] LiveBook: 7 Games} 9. h3 $146 {[%emt 0:10:07]} ({Predecessor:} 9. d5 Qc7 10. Qe1 Ngf6 11. e5 Nxd5 12. e6 fxe6 13. Ng5 Nf8 {0-1 (41) Danielyan,V (2231)-Zubov,A (2614) Poti 2016}) 9... cxd4 {[%emt 0:03:13]} 10. Nxd4 {[%emt 0:00:23]} Ngf6 {[%emt 0:02:58]} 11. Bf3 {[%emt 0:01:41]} Qc7 {[%emt 0:00:54]} 12. Re1 {[%emt 0:03:27]} e5 {[%emt 0:08:17]} 13. Nb3 {[%emt 0:02:46]} exf4 {[%emt 0:02:41]} 14. Bxf4 {[%emt 0:03:15]} Ne5 {[%emt 0:00:23]} 15. Nd5 {[%emt 0:12:17]} Nxd5 {[%emt 0:00:50]} 16. exd5 {[%emt 0:00:08]} O-O {[%emt 0:00:17]} 17. c3 {[%emt 0:05:32]} Nxf3+ {[%emt 0:04:50]} 18. Qxf3 {[%emt 0:00:55]} a5 {[%emt 0:02:04]} 19. Rad1 {[%emt 0:03:00]} a4 {[%emt 0:05:01]} 20. Nc1 {[%emt 0:04:41]} Rfe8 {[%emt 0:01:06]} 21. Nd3 {[%emt 0:04:45]} f5 {[%emt 0:07:07]} 22. Nb4 {[%emt 0:01:18]} Be5 {[%emt 0:02:01]} 23. Kh1 {[%emt 0:03:39]} Qc4 {[%emt 0:03:36]} 24. Bh2 {[%emt 0:03:54]} Rad8 {[%emt 0:02:27]} 25. Re3 {[%emt 0:03:01]} Re7 {[%emt 0:05:19]} 26. Rde1 {[%emt 0:02:54]} Rde8 {[%emt 0:00:28]} 27. Qd1 {[%emt 0:01:19]} Kf7 {[%emt 0:07:01]} 28. Qd2 {[%emt 0:11:22]} Qh4 {[%emt 0:09:19]} 29. Bxe5 {[%emt 0:07:52]} Rxe5 {[%emt 0:00:17]} 30. Rxe5 {[%emt 0:00:10]} dxe5 {[%emt 0:06:14]} 31. Rd1 {[%emt 0:02:47]} Qe4 {[%emt 0:04:36]} 32. d6 {[%emt 0:03:40]} Rd8 {[%emt 0:00:59]} 33. d7 {[%emt 0:01:25]} Bc6 {[%emt 0:01:41]} 34. Re1 {[%emt 0:00:24]} Rxd7 {[%emt 0:00:56]} 35. Qxd7+ {[%emt 0:00:09]} (35. Qf2 $11 Qc4 36. Nxc6 Qxc6 37. Rxe5) 35... Bxd7 {[%emt 0:00:04]} 36. Rxe4 {[%emt 0:00:04]} fxe4 {[%emt 0:00:06]} 37. Kg1 {[%emt 0:00:02]} Ke6 {[%emt 0:00:47]} 38. Kf2 {[%emt 0:00:05]} Bc8 {[%emt 0:00:45]} 39. Nc6 {[%emt 0:01:44]} Kd6 {[%emt 0:00:55]} 40. Nd8 {[%emt 0:00:00]} (40. Nb4 $142 Kc5 41. Na2) 40... Be6 {[%emt 0:00:00]} 41. Nb7+ {[%emt 0:01:28]} Kc6 {[%emt 0:02:50]} 42. Nd8+ {[%emt 0:00:11]} Kd7 {[%emt 0:00:05]} 43. Nb7 {[%emt 0:00:05]} Bd5 {[%emt 0:00:08]} 44. Nc5+ {[%emt 0:00:07]} Kd6 {[%emt 0:00:09]} 45. Na6 {[%emt 0:00:10]} Bb7 {[%emt 0:00:04]} 46. Nb4 {[%emt 0:00:19]} Kc5 {[%emt 0:00:04]} 47. Na2 {[%emt 0:00:13] [#]} e3+ $1 {[%emt 0:00:38]} 48. Kxe3 {[%emt 0:01:24]} Bxg2 {[%emt 0:00:13]} 49. h4 {[%emt 0:00:09]} Bd5 $19 {[%emt 0:00:11]} 50. Nc1 {[%emt 0:00:24]} Bc4 {[%emt 0:00:03]} 51. Kf3 {[%emt 0:01:29]} Kd5 {[%emt 0:00:12]} 52. Kg4 {[%emt 0:00:17]} e4 {[%emt 0:00:05]} 53. Kf4 {[%emt 0:00:21]} h6 {[%emt 0:00:03]} 54. Kg4 {[%emt 0:00:19]} Ke5 {[%emt 0:00:06]} 55. h5 {[%emt 0:00:18]} g5 {[%emt 0:00:03]} 56. Kg3 {[%emt 0:00:06]} Kf5 {[%emt 0:00:03]} 57. Kf2 {[%emt 0:00:06]} Kf4 {[%emt 0:00:03]} 58. Ke1 {[%emt 0:00:07]} e3 {[%emt 0:00:08]} 59. Kd1 {[%emt 0:00:07]} Kf3 {[%emt 0:00:03]} 60. Ke1 {[%emt 0:00:12]} g4 {[%emt 0:00:28]} 0-1